| 000 | 01015nam a2200277Ia 4500 | ||
|---|---|---|---|
| 001 | Para_10004 | ||
| 003 | CHAP | ||
| 008 | 220125sJuni xx 000 0 und d | ||
| 010 | _a208634 | ||
| 040 | _cCHAP | ||
| 090 | _aPA CD - TESIS 85 | ||
| 100 |
_aFlores Pineda, Yuridia Citlalli _941681 |
||
| 245 |
_aIdentificación de algunos géneros de nemátodos asociados a betabel (Beta vulgaris L.) en Chapingo, México / _c Yuridia Citlalli Flores Pineda; Director Calixto Leopoldo Carrillo Fonseca |
||
| 260 |
_aChapingo, Méx. : _b el autor |
||
| 300 | _a1 CDS ROM (60 p.) | ||
| 502 | _aTesis (Ing. Agr. Esp. en Parasitología Agrícola). UACh. Departamento Parasitología Agrícola | ||
| 700 |
_aCarrillo Fonseca, Calixto Leopoldo _919482 |
||
| 710 |
_aUACh. Departamento Parasitología Agrícola _9164025 |
||
| 901 | _aPA CD - TESIS 85 | ||
| 902 | _aM | ||
| 905 | _a513220Junio, 2011 anz 8100000000 06 | ||
| 910 | _aJuni | ||
| 942 | _cPARA | ||
| 942 |
_cPARA _d2 |
||
| 999 |
_c208634 _d208634 |
||